MARC details
| 000 -LEADER |
| fixed length control field |
02296nam a2200361 4500 |
| 001 - CONTROL NUMBER |
| control field |
OTLid0000255 |
| 003 - CONTROL NUMBER IDENTIFIER |
| control field |
MnU |
| 005 - DATE AND TIME OF LATEST TRANSACTION |
| control field |
20201105133311.0 |
| 006 - FIXED-LENGTH DATA ELEMENTS--ADDITIONAL MATERIAL CHARACTERISTICS |
| fixed length control field |
m o d s |
| 008 - FIXED-LENGTH DATA ELEMENTS--GENERAL INFORMATION |
| fixed length control field |
180907s2015 mnu o 0 0 eng d |
| 020 ## - INTERNATIONAL STANDARD BOOK NUMBER |
| International Standard Book Number |
|
| 040 ## - CATALOGING SOURCE |
| Original cataloging agency |
MnU |
| Language of cataloging |
eng |
| Transcribing agency |
MnU |
| 050 #4 - LIBRARY OF CONGRESS CALL NUMBER |
| Classification number |
P51 |
| 100 1# - MAIN ENTRY--PERSONAL NAME |
| Personal name |
Gomaa, Lina |
| Relator term |
author |
| 245 00 - TITLE STATEMENT |
| Title |
FROM MSA to CA |
| Remainder of title |
A Beginner's Guide to Transitioning to Colloquial Arabic |
| Statement of responsibility, etc. |
Lina Gomaa |
| 264 #2 - PRODUCTION, PUBLICATION, DISTRIBUTION, MANUFACTURE, AND COPYRIGHT NOTICE |
| Name of producer, publisher, distributor, manufacturer |
Open Textbook Library |
| 264 #1 - PRODUCTION, PUBLICATION, DISTRIBUTION, MANUFACTURE, AND COPYRIGHT NOTICE |
| Name of producer, publisher, distributor, manufacturer |
Portland State University Library |
| 300 ## - PHYSICAL DESCRIPTION |
| Extent |
1 online resource |
| 490 0# - SERIES STATEMENT |
| Series statement |
Open textbook library. |
| 505 0# - FORMATTED CONTENTS NOTE |
| Formatted contents note |
Chapter 1 -- A: Transitioning to CA:Final voweling and greeting terms in MSA and CA -- B: Greetings and ending conversations -- C: Cultural insight: Ending a conversation in a culturally acceptable manner -- Chapter 2 -- A: Transitioning to CA: WH Question words in MSA and CA -- B: Requests -- C: Cultural insights: Giving directions -- Chapter 3 -- A: Transitioning to CA: Verb tenses -- B: Dialogues -- C: Cultural insights: Phone conversations and communicating among different age groups in the Arab world -- Chapter 4 -- A: Transitioning to CA: Negation in MSA vs CA -- B: Accepting and rejecting invitations -- C: Cultural insights: Tips on dealing with culturally sensitive situations -- |
| 520 0# - SUMMARY, ETC. |
| Summary, etc. |
This book is for students who have studied Modern Standard Arabic (MSA) for one year or more and would like to learn colloquial Arabic basics using their knowledge of MSA. It aims at transitioning learners from Novice Mid level to Intermediate Low through presenting situations useful for living in an Arab country. The book has several features including hyperlinks, practice dialogues with open answers, cultural tips, and more. |
| 542 1# - INFORMATION RELATING TO COPYRIGHT STATUS |
| Copyright statement |
Attribution-NonCommercial |
| 546 ## - LANGUAGE NOTE |
| Language note |
In English. |
| 588 0# - SOURCE OF DESCRIPTION NOTE |
| Source of description note |
Description based on online resource |
| 650 #0 - SUBJECT ADDED ENTRY--TOPICAL TERM |
| Topical term or geographic name entry element |
Humanities |
| Form subdivision |
Textbooks |
| 650 #0 - SUBJECT ADDED ENTRY--TOPICAL TERM |
| Topical term or geographic name entry element |
Language and languages |
| Form subdivision |
Textbooks |
| 710 2# - ADDED ENTRY--CORPORATE NAME |
| Corporate name or jurisdiction name as entry element |
Open Textbook Library |
| Relator term |
distributor |
| 856 40 - ELECTRONIC LOCATION AND ACCESS |
| Uniform Resource Identifier |
<a href="https://open.umn.edu/opentextbooks/textbooks/255">https://open.umn.edu/opentextbooks/textbooks/255</a> |
| Public note |
Access online version |